000 00464nam a2200169Ia 4500
005 20250513140726.0
008 241212s9999 xx 000 0 und d
020 _a9788179047415
_qpbk
082 _a428.1
_bAPP
100 _aApple Editorial Team
245 0 _aMy First Picture Book Of Words /
250 _aSixth edition
260 _bApple Publishing International Pvt Ltd,
_c2016
_aChennai
300 _a32 p
650 _aChildren Books
942 _cENGLISH
999 _c566733
_d566733